Labour force participation in low income countries (Record no. 48742)

MARC details
000 -LEADER
fixed length control field 00797nam a2200205 a 4500
008 - FIXED-LENGTH DATA ELEMENTS--GENERAL INFORMATION
fixed length control field 120416s1978 ||||||||||||||||| || u
020 ## - INTERNATIONAL STANDARD BOOK NUMBER
International Standard Book Number 9221018121
050 ## - LIBRARY OF CONGRESS CALL NUMBER
Classification number HD 6223 Lab
100 ## - MAIN ENTRY--PERSONAL NAME
Personal name Standing, Guy
245 10 - TITLE STATEMENT
Title Labour force participation in low income countries
Statement of responsibility, etc. edited by Guy Standing
260 ## - PUBLICATION, DISTRIBUTION, ETC.
Place of publication, distribution, etc. Geneva
Name of publisher, distributor, etc. International Labour Office
Date of publication, distribution, etc. 1978
300 ## - PHYSICAL DESCRIPTION
Extent vi, 338p : ill
350 ## - PRICE (NR) (BK AM CF MU VM SE) [OBSOLETE]
Price 0.00
500 ## - GENERAL NOTE
General note Includes bibliographical references.
650 ## - SUBJECT ADDED ENTRY--TOPICAL TERM
Topical term or geographic name entry element Labor supply--Developing countries--Case studies
650 ## - SUBJECT ADDED ENTRY--TOPICAL TERM
Topical term or geographic name entry element WOMEN
650 ## - SUBJECT ADDED ENTRY--TOPICAL TERM
Topical term or geographic name entry element WOMEN--EMPLOYMENT--DEVELOPING COUNTRIES--CASE STUDIES
700 ## - ADDED ENTRY--PERSONAL NAME
Personal name Sheehan, Glen
995 ## - RECOMMENDATION 995 [LOCAL, UNIMARC FRANCE]
-- 0.00
-- CBU-MAIN LIBRARY (Kitwe)
-- 1
-- 47.25
-- 1
-- AVAILABLE
-- Main Library Open Access Collection
Holdings
Withdrawn status Lost status Source of classification or shelving scheme Damaged status Not for loan Home library Current library Shelving location Date acquired Total Checkouts Full call number Barcode Date last seen Price effective from Koha item type
          CBU-MAIN LIBRARY, KITWE. CBU-MAIN LIBRARY, KITWE.   11/30/2022   HD 6223 Lab 004524 11/30/2022 11/30/2022 MONOGRAPH